Tajemství akordových značek /

Uložené v:
Podrobná bibliografia
Hlavný autor: Šolc, Milan, 1925-1977 (Author)
Médium: Kniha
Jazyk:Slovak
Czech
Vydané: Praha : Supraphon, 1967.
Vydanie:4. vyd.
Témy:
ISBN: (brož.)
Fyzický popis: 156, [2] s. : tab., noty.
Tagy: Pridať tag
Žiadne tagy, Buďte prvý kto otaguje tento záznam!

MARC

LEADER 00000nam a22000004a 4500
001 000577751
005 20180418175901.0
008 180315s1967 xo e 000 0 slo d
020 |a (brož.) 
040 |a SVKKK  |b slo  |c SVKKK  |e AACR2 
041 0 |a cze 
044 |a xr  |c CZ 
100 1 |a Šolc, Milan,  |d 1925-1977  |4 aut 
245 1 0 |a Tajemství akordových značek /  |c Milan Šolc. 
250 |a 4. vyd. 
260 |a Praha :  |b Supraphon,  |c 1967. 
300 |a 156, [2] s. :  |b tab., noty. 
366 |e 5000 výtl. 
500 |a Obálka: Eugen Jiránek 
500 |a Frontispice 
500 |a Zoznam skladieb 
504 |a Vecný register 
650 0 7 |a akordy  |2 SVKKKPH 
650 0 7 |a hudobná náuka  |2 SVKKKPH 
655 7 |a príručky  |2 SVKKKPH 
910 |a svkkk 
998 |a BK 
090 |g SCKHL  |k Sklad Hlavná 10 suterén  |a I.45708  |j 540700  |i 2720686107  |s Povinný výt.